[Event "Titled Tuesday intern op 06th Feb Late"]
[Site "Chess.com INT"]
[Date "2024.02.06"]
[Round "7"]
[White "Khakhinov, Ilya"]
[Black "Lukina, Alexandra"]
[Result "1-0"]
[WhiteElo "2236"]
[BlackElo "1899"]
[PlyCount "85"]
[EventDate "2024.02.06"]
[EventType "swiss (blitz)"]
[EventRounds "11"]
[EventCountry "USA"]
[SourceTitle "CB07_2024"]
[SourceDate "2024.02.14"]
[SourceVersion "1"]
[SourceVersionDate "2024.02.14"]
[SourceQuality "1"]

1. e4 e6 2. Nf3 d5 3. exd5 exd5 4. d4 Nf6 5. Bd3 Bd6 6. 0-0 0-0 7. Bg5 h6 8. Bh4 c5 9. dxc5 Bxc5 10. Nc3 Be6 11. Re1 Nc6 12. Ne2 g5 13. Bg3 Ne4 14. Bxe4 dxe4 15. Ne5 f5 16. Nxc6 bxc6 17. Be5 Qd5 18. Qxd5 cxd5 19. c3 f4 20. Bd4 Bd6 21. Rad1 f3 22. gxf3 Rxf3 23. Nc1 Rh3 24. Re3 Bxh2+ 25. Kg2 Rxe3 26. Bxe3 Bc7 27. Ne2 Bg4 28. Rd2 Rd8 29. Nd4 Bf4 30. Nc6 Rd7 31. Nb4 Bf3+ 32. Kg1 h5 33. Nxd5 Bxe3 34. fxe3 g4 35. Nf6+ Kf7 36. Nxd7 h4 37. Ne5+ Kf6 38. Rd5 g3 39. Nxf3 exf3 40. Rh5 Kg6 41. Rxh4 Kg5 42. Rf4 f2+ 43. Kg2 1-0

[Event "Titled Tuesday intern op 06th Feb Late"]
[Site "Chess.com INT"]
[Date "2024.02.06"]
[Round "4"]
[White "Lukina, Alexandra"]
[Black "Palacio, Igor Da Paz"]
[Result "1-0"]
[WhiteElo "1899"]
[BlackElo "2172"]
[PlyCount "83"]
[EventDate "2024.02.06"]
[EventType "swiss (blitz)"]
[EventRounds "11"]
[EventCountry "USA"]
[SourceTitle "CB07_2024"]
[SourceDate "2024.02.14"]
[SourceVersion "1"]
[SourceVersionDate "2024.02.14"]
[SourceQuality "1"]

1. d4 Nf6 2. c4 g6 3. Nc3 Bg7 4. e4 d6 5. Nf3 0-0 6. Be2 e5 7. d5 Nbd7 8. 0-0 Nc5 9. Qc2 a5 10. Bg5 h6 11. Be3 Ne8 12. Nd2 f5 13. f3 f4 14. Bf2 Bf6 15. b3 Bh4 16. a3 Bxf2+ 17. Rxf2 Nf6 18. Rff1 g5 19. b4 axb4 20. axb4 Rxa1 21. Rxa1 Ncd7 22. Nb5 h5 23. Ra8 Nb6 24. Ra7 c6 25. dxc6 bxc6 26. Na3 Nbd5 27. c5 Ne3 28. Qb3+ d5 29. exd5 cxd5 30. Ne4 Be6 31. Nxg5 Bf5 32. h4 Qb8 33. Re7 Re8 34. Rf7 Rf8 35. Re7 Re8 36. Rxe8+ Nxe8 37. b5 Bd7 38. Qd3 Bf5 39. Qd2 Qc7 40. Qb4 Qe7 41. b6 d4 42. b7 1-0

[Event "Titled Tuesday intern op 01st Aug Late"]
[Site "Chess.com INT"]
[Date "2023.08.01"]
[Round "4"]
[White "Belli, Giorgio"]
[Black "Lukina, Alexandra"]
[Result "0-1"]
[WhiteElo "2164"]
[BlackElo "1923"]
[PlyCount "138"]
[EventDate "2023.08.01"]
[EventType "swiss (blitz)"]
[EventRounds "11"]
[EventCountry "USA"]
[SourceTitle "EXT 2024"]
[Source "ChessBase"]
[SourceDate "2023.10.10"]
[SourceVersion "1"]
[SourceVersionDate "2023.10.10"]
[SourceQuality "1"]

1. e4 e6 2. d4 d5 3. Nc3 Bb4 4. e5 Ne7 5. a3 Bxc3+ 6. bxc3 c5 7. Qg4 Nf5 8. Bd3 g6 9. Ne2 Qc7 10. Bxf5 exf5 11. Qg3 Be6 12. Bg5 Nc6 13. Bf6 Rg8 14. Qh4 cxd4 15. cxd4 Qa5+ 16. c3 h5 17. 0-0 Qc7 18. Qg5 Na5 19. Qh6 Nc4 20. Qh7 Kd7 21. Nf4 Kc6 22. a4 b6 23. Rfb1 Rac8 24. Rb4 Na5 25. Rc1 Kb7 26. Qh6 Nc6 27. Rbb1 Nxd4 28. Nxd5 Ne2+ 29. Kf1 Qc4 30. Ne3 Qd3 31. Rd1 Qa6 32. Ke1 Nxc3 33. Rbc1 Nxd1 34. Rxd1 Qa5+ 35. Ke2 Qc3 36. Kf3 Qb4 37. Qf4 Qxf4+ 38. Kxf4 Rc3 39. Kg5 Rgc8 40. Rd4 Ra3 41. Kh6 Ra2 42. Rf4 Rc1 43. Kg7 Re1 44. h4 Ree2 45. Nd1 Rad2 46. Nc3 Rxf2 47. Rxf2 Rxf2 48. Nb5 Rxg2 49. Nd6+ Kc6 50. Nxf7 f4 51. Ng5 Bg4 52. e6 Bxe6 53. Nxe6 Kd6 54. Nxf4 Rg4 55. Nxg6 Rxa4 56. Be5+ Ke6 57. Bb8 Rg4 58. Kh6 a6 59. Nf4+ Kf5 60. Nxh5 Rxh4 61. Bg3 Rh3 62. Bf2 Kg4 63. Bxb6 Rxh5+ 64. Kg6 Rb5 65. Bd4 a5 66. Kf6 a4 67. Ke6 a3 68. Kd6 a2 69. Kc6 Rb1 0-1

[Event "Titled Tuesday intern op 01st Aug Late"]
[Site "Chess.com INT"]
[Date "2023.08.01"]
[Round "2"]
[White "D'Arruda, Ricardo D"]
[Black "Lukina, Alexandra"]
[Result "1-0"]
[WhiteElo "2271"]
[BlackElo "1923"]
[PlyCount "51"]
[EventDate "2023.08.01"]
[EventType "swiss (blitz)"]
[EventRounds "11"]
[EventCountry "USA"]
[SourceTitle "EXT 2024"]
[Source "ChessBase"]
[SourceDate "2023.10.10"]
[SourceVersion "1"]
[SourceVersionDate "2023.10.10"]
[SourceQuality "1"]

1. Nf3 d5 2. d4 Nf6 3. c4 e6 4. e3 c6 5. Nc3 Bd6 6. Bd3 0-0 7. 0-0 Ne8 8. e4 dxe4 9. Nxe4 Bc7 10. Bg5 f6 11. Bd2 Nd6 12. Ng3 Nf7 13. Qc2 h6 14. Rad1 f5 15. Rfe1 Ng5 16. Ne5 Qf6 17. Nh5 Qd8 18. Ng6 Rf7 19. Bf4 Bxf4 20. Nhxf4 Rf6 21. h4 Nh7 22. d5 cxd5 23. cxd5 exd5 24. Bc4 Rxg6 25. Bxd5+ Re6 26. Bxe6+ 1-0